00825nam a2200181 a 450000100100000000500170001000800410002704000250006808200160009310000400010924500960014926000720024530000280031750001580034504900090050395201140051299900170062600002824320200930031454.0110331s2002 dr a 000 0 spa d aDO-SdBNPbspacBNPHU axxxxbG934c1 aGuerrero Prats R., Francisco95523510aLa económia dominicana :bun compromiso con la estabilidad /cFrancisco Guerrero Prats R. aSanto Domingo :bBanco Central de la República Dominicana,c2002. a27 p :bgraf. ;c29 cm. aDisertación ofrecida ante al Cámara America de Comercio de la República Dominicana por el gobernador del Banco Central, Francisco M. Guerrero Prats aBNPD 0010718PDaPDbPDcCTd2011-04-07iLF1l0oxxxx G934cp28243-10r2020-06-25w2020-06-25yLFPDZNo se presta c27735d27735